Central Library OPAC University of Rajshahi

Hotel, hostel and hospital housekeeping / (Record no. 14073)

MARC details
000 -LEADER
fixed length control field 00982nam a2200313 4500
001 - CONTROL NUMBER
control field 14073
003 - CONTROL NUMBER IDENTIFIER
rucl marc code BD-RjUL
005 - DATE AND TIME OF LATEST TRANSACTION
control field 20211208235552.0
008 - FIXED-LENGTH DATA ELEMENTS--GENERAL INFORMATION
fixed length control field 140205r19721971enkae 001 0 eng
020 ## - INTERNATIONAL STANDARD BOOK NUMBER
International Standard Book Number 0713116471
035 ## - SYSTEM CONTROL NUMBER
System control number (BD-RjUL)14125
040 ## - CATALOGING SOURCE
Original cataloging agency DLC
Transcribing agency DLC
Modifying agency DLC
-- BD-RjUL
Language of cataloging eng
041 ## - LANGUAGE CODE
Language code of text/sound track or separate title eng
082 00 - DEWEY DECIMAL CLASSIFICATION NUMBER
Classification number 647.9
Author mark and year BRH
100 1# - MAIN ENTRY--PERSONAL NAME
Personal name Branson, Joan Cameron.
9 (RLIN) 43983
245 10 - TITLE STATEMENT
Title Hotel, hostel and hospital housekeeping /
Statement of responsibility, etc. by Joan C. Branson [and] Margaret Lennox.
250 ## - EDITION STATEMENT
Edition statement 2nd ed. (Metric).
260 ## - PUBLICATION, DISTRIBUTION, ETC. (IMPRINT)
Place of publication, distribution, etc. London :
Name of publisher, distributor, etc. Edward Arnold,
Date of publication, distribution, etc. 1971[reprinted1972]
300 ## - PHYSICAL DESCRIPTION
Pagination v, 254 p. :
Illustrations illus., plans. ;
Size 22 cm.
350 ## - PRICE (NR) (BK AM CF MU VM SE) [OBSOLETE]
Price £1.10
500 ## - GENERAL NOTE
General note First ed. published in 1965 under title: Hotel housekeeping.
504 ## - BIBLIOGRAPHY, ETC. NOTE
Bibliography, etc Includes index.
650 #0 - SUBJECT ADDED ENTRY--TOPICAL TERM
Topical term or geographic name as entry element Hotel housekeeping.
9 (RLIN) 43984
Topical term or geographic name as entry element Hospital housekeeping.
9 (RLIN) 43985
700 1# - ADDED ENTRY--PERSONAL NAME
Personal name Lennox, Margaret,
Relator term joint author.
942 ## - ADDED ENTRY ELEMENTS (KOHA)
Source of classification or shelving scheme Dewey Decimal Classification
Koha item type Books
Holdings
Lost status Source of classification or shelving scheme Damaged status Not for loan Collection code Permanent Location Current Location Shelving location Date acquired Source of acquisition Cost, normal purchase price Total Checkouts Full call number Date last seen Copy number Koha item type
  Dewey Decimal Classification   Not For Loan Non-fiction Central Library, University of Rajshahi Central Library, University of Rajshahi Reading Room 18/04/1974 Book centre 20.62   647.9 BRH 1972 05/02/2014 C-1 Books